| 000 | 00947nam a2200253Ia 4500 | ||
|---|---|---|---|
| 003 | OSt | ||
| 005 | 20220923224329.0 | ||
| 006 | a|||||r|||| 00| 0 | ||
| 007 | ta | ||
| 008 | 220922b |||||||| |||| 00| 0 san d | ||
| 024 | _a231,305 | ||
| 037 | _cTextual | ||
| 040 |
_aARTS _cARTS _bsan |
||
| 041 |
_2san _asan |
||
| 082 | _aDelta25xG32,1,1, 152L7 | ||
| 100 | _aविश्वनाथ; श्यामदास, संपा. | ||
| 245 | 0 | _aभक्तिरसामृतसिन्धुबिन्दुः | |
| 246 | _aBhaktirasāmṛutasindhubinduah | ||
| 260 |
_aवृन्दावन _b हरिनाम प्रेस _c1977 |
||
| 300 |
_a164पृ0 _ccm. |
||
| 650 | _aआध्यात्मिक अनुभव और रहस्यवाद | ||
| 942 |
_hDelta25xG32,1,1, 152L7 _cTEXL _2CC |
||
| 999 |
_c370723 _d370723 |
||